| 000 | 01047pam a2200313 a 4500 | ||
|---|---|---|---|
| 999 |
_c28431 _d28402 |
||
| 001 | 016015353 | ||
| 003 | EG-ScBUE | ||
| 005 | 20200805095416.0 | ||
| 008 | 120118s2012 enka f d 001 0 eng d | ||
| 020 | _a9781408139813 (pbk.) | ||
| 035 | _a(IeDuTC)b148257665 | ||
| 040 |
_aStDuBDS _beng _erda _cStDuBDS _dIeDuTC _dUk _dEG-ScBUE |
||
| 082 | 0 | 4 |
_a791.450233 _bBAM _222 |
| 100 | 1 |
_aBamford, Nick, _eauthor. _940488 |
|
| 245 | 1 | 0 |
_aDirecting television : _ba professional survival guide / _cNick Bamford. |
| 264 | 1 |
_aLondon : _bBloomsbury Publishing, _c2012. |
|
| 300 |
_aix, 209 pages : _billustrations ; _c24 cm |
||
| 336 |
_atext _2rdacontent _btxt |
||
| 337 |
_aunmediated _2rdamedia _bn |
||
| 338 |
_avolume _2rdacarrier _bnc |
||
| 500 | _aIncludes index. | ||
| 500 | _aIncludes glossary. | ||
| 500 |
_aFormerly CIP. _5Uk |
||
| 650 | 7 |
_aTelevision _xProduction and direction _xVocational guidance. _2BUEsh |
|
| 653 |
_bCOMAME _cJuly2020 |
||
| 655 |
_vReading book _934232 |
||
| 942 |
_2ddc _cBB |
||